| 000 | 01491nac a22002771u 4500 | ||
|---|---|---|---|
| 010 | _a 2003023161 | ||
| 020 | _a0807002348 (cloth : alk. paper) | ||
| 082 | 0 | 0 |
_a303.48273056 _bK451 |
| 090 |
_c2702 _d2702 |
||
| 100 | _aKhalidi, Rashid. | ||
| 245 | 1 | 0 |
_aResurrecting Empire : _bwestern footprints and America's perilous path in the Middle East / _cRashid Khalidi. |
| 246 | 3 | 0 | _aWestern footprints and America's perilous path in the Middle East |
| 250 | _a1st cloth ed. | ||
| 260 |
_aBoston : _bBeacon Press,2004. |
||
| 300 |
_axiv, 223 p. ; _c23 cm. |
||
| 504 | _aIncludes bibliographical references (p. 177-211) and index. | ||
| 505 | 0 | _aThe perils of ignoring history -- The legacy of the Western encounter with the Middle East -- America, the West and democracy in the Middle East -- The Middle East : geostrategy and oil -- The United States and Palestine -- Raising the ghosts of empire. | |
| 650 | 0 |
_aDemocracy _zMiddle East. |
|
| 650 | 0 | _aArab-Israeli conflict. | |
| 651 | 0 |
_aMiddle East _xRelations _zUnited States. |
|
| 651 | 0 |
_aUnited States _xRelations _zMiddle East. |
|
| 856 | 4 | 2 |
_3Publisher description _uhttp://www.loc.gov/catdir/description/hm041/2003023161.html |
| 856 | 4 | 2 |
_3Table of contents _uhttp://www.loc.gov/catdir/toc/ecip0410/2003023161.html |
| 942 |
_cBB _k303.48273056 K451 |
||
| 999 |
_c2702 _d2702 |
||